| 000 | 00000nas 2200000za 4500 |
| 001 | 9.500934 |
| 003 | CaOODSP |
| 005 | 20221107132925 |
| 007 | cr ||||||||||| |
| 008 | 150406d20012015onc|| p o||||f| |0fre|d |
| 040 | |aCaOODSP|bfre |
| 043 | |an-cn-on |
| 086 | 1 |aNH12-27F-PDF |
| 245 | 00|aActualités habitation. |pRMR de Kingston |h[ressource électronique]. |
| 260 | |a[Toronto] : |bSociété canadienne d'hypothèques et de logement, |c[2001]-2015. |
| 310 | |aTrimestriel |
| 362 | 0 |aQuatrième trimestre 2001-troisième trimestre 2015. |
| 500 | |aTitre de départ. |
| 500 | |aPubli. aussi en anglais sous le titre : Housing now. Kingston CMA. |
| 691 | 07|aDémographie|2gcpds |
| 691 | 07|aLogement|2gcpds |
| 691 | 07|aPrêt hypothécaire|2gcpds |
| 691 | 07|aPrix|2gcpds |
| 710 | 2 |aSociété canadienne d'hypothèques et de logement. |
| 775 | 08|tHousing now. |w(CaOODSP)9.504519 |
| 785 | 00|tActualités habitation - tableaux. |w(CaOODSP)9.806917 |
| 986 | |a65456 |